Statistiche per Alpi o Appennini

Clicka qui per fare il quiz!

Statistiche generali

  • Questo quiz è stato fatto 36 volte
  • Il punteggio medio è 13 su 15

Statistiche sulle risposte

DomandaRisposta% Corretto
Monte BiancoAlpi
100%
Monte RosaAlpi
100%
MaiellaAppennini
97%
TerminilloAppennini
97%
Gran Sasso d'ItaliaAppennini
97%
Monte VelinoAppennini
94%
MonvisoAlpi
90%
OrtlesAlpi
90%
CervinoAlpi
87%
MarmoladaAlpi
87%
Monte PollinoAppennini
87%
Gran ParadisoAlpi
84%
Monte CimoneAppennini
81%
AdamelloAlpi
74%
Monte VettoreAppennini
71%

Distribuzione punteggi

Percentile per numero di risposta

Percentuale di utenti per punteggio

I tuoi punteggi nel tempo

Non hai fatto questo quiz